| 000 | 006790000a22002170004500 | ||
|---|---|---|---|
| 003 | LK-CoMWRAF | ||
| 005 | 20230830155037.0 | ||
| 008 | 230817t1965 ||||| |||| 00| 0 eng d | ||
| 040 |
_aLK-CoMWRAF _dLK-CoMWRAF _eLK-CoMWRAF |
||
| 041 | _aeng | ||
| 082 |
_a297 _bMAC |
||
| 100 | _aMacdonald, Duncan B. | ||
| 245 | _aDevelopment of Muslim Theology, Jurisprudence and Constitutional Theory | ||
| 260 |
_aBeirut: _bKhayats, _c1965 |
||
| 300 |
_axii, 386 p. 19 cm. _bBibliography and index included |
||
| 490 | _aThe Semitic Series | ||
| 650 | _aISLAM-DOCTRINES-HISTORY | ||
| 650 | _a Islamic law--History | ||
| 650 | _aConstitutional history--Islamic countries. | ||
| 942 | _cBK | ||
| 999 |
_c3196 _d3196 |
||